May 17th: Birthdays - Statistics

General Stats
  • This quiz has been taken 8 times
  • The average score is 2 of 9
Answer Stats
Year Clue Answer % Correct
1965 Artist of 9-inch Nails Trent Reznor
75%
1936 Actor in Easy Rider Dennis Hopper
63%
1903 Said to have been one of the fastest men to play Baseball Cool Papa Bell
13%
1749 Father of immunology Edward Jenner
13%
1961 Artist of A Day Without Rain Enya
13%
1956 Olympic gold 1976 in Boxing Sugar Ray Leonard
13%
1940 Developed GUI Design Alan Kay
0%
1490 Duke of Prussia Albert of Prussia
0%
1962 Scottish actor/writer Craig Ferguson
0%
No matching quizzes found
Score Distribution
Percent of People with Each Score
Percentile by Number Answered
Your Score History
You have not taken this quiz